Statistiques concernant Département français par numéro

Cliquez ici pour prendre le quiz!

Statistiques générales

  • Ce quiz a été pris 115 fois
  • Le résultat moyen est 52 sur 101

Statistiques - réponses

HintRéponse% Correct
01Ain
97%
02Aisne
92%
2ACorse du sud
84%
03Allier
82%
13Bouches du rhône
80%
2BHaute corse
80%
06Alpes maritimes
77%
33Gironde
72%
07Ardèche
70%
10Aube
70%
11Aude
70%
05Hautes alpes
70%
09Ariège
69%
21Côte d'or
66%
04Alpes de haute provence
65%
18Cher
64%
45Loiret
64%
14Calvados
62%
34Hérault
62%
42Loire
62%
12Aveyron
61%
22Côtes d'armor
61%
30Gard
61%
75Paris
61%
08Ardennes
59%
15Cantal
59%
26Drôme
59%
16Charente
58%
25Doubs
58%
27Eure
58%
29Finistère
58%
38Isère
58%
44Loire atlantique
58%
69Rhône
58%
17Charente maritime
57%
19Corrèze
57%
43Haute loire
57%
37Indre et loire
57%
31Haute garonne
55%
36Indre
55%
28Eure et loir
54%
39Jura
54%
24Dordogne
53%
32Gers
53%
50Manche
51%
23Creuse
50%
972Guadeloupe
50%
46Lot
50%
47Lot et garonne
50%
60Oise
50%
93Seine saint denis
50%
40Landes
49%
974La Réunion
49%
35Ille et vilaine
47%
41Loir et cher
47%
51Marne
47%
971Martinique
47%
55Meuse
47%
67Bas rhin
46%
68Haut rhin
46%
59Nord
46%
64Pyrénées atlantique
46%
78Yvelines
46%
74Haute savoie
45%
49Maine et loire
45%
53Mayenne
45%
54Meurthe et moselle
45%
62Pas de calais
45%
77Seine et marne
45%
83Var
43%
84Vaucluse
43%
973Guyane
42%
52Haute marne
42%
57Moselle
42%
73Savoie
42%
76Seine maritime
42%
48Lozère
41%
976Mayotte
41%
80Somme
41%
85Vendée
41%
56Morbihan
39%
61Orne
39%
65Hautes pyrénées
38%
92Hauts de seine
38%
58Nièvre
38%
63Puy de dôme
38%
66Pyrénées orientales
38%
91Essone
36%
71Saône et loire
36%
95Val d'oise
36%
89Yonne
36%
72Sarthe
35%
90Territoire de belfort
35%
86Vienne
35%
87Haute vienne
34%
81Tarn
34%
82Tarn et garonne
34%
94Val de marne
34%
79Deux sèvres
32%
70Haute saône
32%
88Vosges
28%

Distribution des résultats

Percentile par nombre de réponses

% des personnes avec chaque résultat

Votre développement - résultats

Vous n’avez pas pris ce quiz